000 00676nam a2200193 ar4500
001 1692
005 20221127090251.0
008 100124s xxua 00110 eng d
020 _a0849305241(hpb) :
_cSR333.00
082 0 4 _a005.10684
_bP192 2007
100 1 _aPandian C. Ravindranath.
245 1 0 _aApplied software risk management :
_ba guide for software project management /
_cC. Pandian.
260 _aBoca Raton, Fl. ;
_aNew York :
_bAuerbach Publications,
_c2007.
300 _axiii, 244 p. :
_bill. ;
_c24 cm.
504 _aIncludes bibl. references and index.
650 4 _aSoftware engineering.
650 4 _aComputer software
_xManagement.
650 4 _aRisk management.
999 _c1690
_d1690